|
|
|
|
| LEADER |
02838nam a22005295i 4500 |
| 001 |
978-3-642-12233-0 |
| 003 |
DE-He213 |
| 005 |
20151218061902.0 |
| 007 |
cr nn 008mamaa |
| 008 |
130808s2014 gw | s |||| 0|eng d |
| 020 |
|
|
|a 9783642122330
|9 978-3-642-12233-0
|
| 024 |
7 |
|
|a 10.1007/978-3-642-12233-0
|2 doi
|
| 040 |
|
|
|d GrThAP
|
| 050 |
|
4 |
|a QC801-809
|
| 072 |
|
7 |
|a PHVG
|2 bicssc
|
| 072 |
|
7 |
|a SCI032000
|2 bisacsh
|
| 082 |
0 |
4 |
|a 550
|2 23
|
| 082 |
0 |
4 |
|a 526.1
|2 23
|
| 245 |
1 |
0 |
|a Early Warning for Geological Disasters
|h [electronic resource] :
|b Scientific Methods and Current Practice /
|c edited by Friedemann Wenzel, Jochen Zschau.
|
| 264 |
|
1 |
|a Berlin, Heidelberg :
|b Springer Berlin Heidelberg :
|b Imprint: Springer,
|c 2014.
|
| 300 |
|
|
|a XV, 379 p.
|b online resource.
|
| 336 |
|
|
|a text
|b txt
|2 rdacontent
|
| 337 |
|
|
|a computer
|b c
|2 rdamedia
|
| 338 |
|
|
|a online resource
|b cr
|2 rdacarrier
|
| 347 |
|
|
|a text file
|b PDF
|2 rda
|
| 490 |
1 |
|
|a Advanced Technologies in Earth Sciences,
|x 2190-1635
|
| 520 |
|
|
|a The past years have seen new technologies that could be utilized for early warning and real-time loss estimation. They include self-organizing sensor networks, new satellite imagery with high resolution, multi-sensor observational capacities, and crowd sourcing. From this and improved physical models, data processing and communication methodologies a significant step towards better early warning technologies has been achieved by research. At the same time, early warning systems became part of the disaster management practice for instance in Japan and Indonesia. This book marks the important point where: Research activities continue to improve early warning Experience with applications is expanding At this critical point in development of early warning for geological disasters it is timely to provide a volume that documents the state-of-the-art, provides an overview on recent developments and serves as knowledge resource for researcher and practitioners.
|
| 650 |
|
0 |
|a Earth sciences.
|
| 650 |
|
0 |
|a Geophysics.
|
| 650 |
|
0 |
|a Natural disasters.
|
| 650 |
|
0 |
|a Geotechnical engineering.
|
| 650 |
|
0 |
|a Geoecology.
|
| 650 |
|
0 |
|a Environmental geology.
|
| 650 |
1 |
4 |
|a Earth Sciences.
|
| 650 |
2 |
4 |
|a Geophysics/Geodesy.
|
| 650 |
2 |
4 |
|a Geotechnical Engineering & Applied Earth Sciences.
|
| 650 |
2 |
4 |
|a Natural Hazards.
|
| 650 |
2 |
4 |
|a Geoecology/Natural Processes.
|
| 700 |
1 |
|
|a Wenzel, Friedemann.
|e editor.
|
| 700 |
1 |
|
|a Zschau, Jochen.
|e editor.
|
| 710 |
2 |
|
|a SpringerLink (Online service)
|
| 773 |
0 |
|
|t Springer eBooks
|
| 776 |
0 |
8 |
|i Printed edition:
|z 9783642122323
|
| 830 |
|
0 |
|a Advanced Technologies in Earth Sciences,
|x 2190-1635
|
| 856 |
4 |
0 |
|u http://dx.doi.org/10.1007/978-3-642-12233-0
|z Full Text via HEAL-Link
|
| 912 |
|
|
|a ZDB-2-EES
|
| 950 |
|
|
|a Earth and Environmental Science (Springer-11646)
|